| 000 | 01577nam a22004097a 4500 | ||
|---|---|---|---|
| 003 | CHAP | ||
| 005 | 20220329142203.0 | ||
| 008 | 000203d1999 mx a r 00110 spa d | ||
| 010 | _a79694 | ||
| 011 | _a80666 | ||
| 035 | _a91117 | ||
| 040 | _cCHAP | ||
| 090 | _aTesis | ||
| 100 | 0 | 0 |
_aLuna Rodríguez, Jannet. _969106 |
| 245 | 1 | 0 |
_aEvaluación experimental de ecuaciones empíricas para cálculo de gasto en vertedores rectangulares con y sin contracciones a través de un sistema automatizado _c/por Jannet Luna Rodríguez y Máximo García Sánchez |
| 260 |
_aChapingo, Méx. : _bEl autor, _c1999. |
||
| 300 |
_a99h. : _bilus. ; gráfs. ; cuadros ; tablas |
||
| 502 | _aTesis (Ing. en Irrigación) -- UACH. Departamento de Irrigación | ||
| 590 |
_aALEPH _b10 _c20130110 _lUCH01 _h1433 |
||
| 590 |
_aBATCH-UPD _b10 _c20130110 _lUCH01 _h0248 |
||
| 590 |
_aBATCH-UPD _b10 _c20130110 _lUCH01 _h0915 |
||
| 590 |
_aBATCH-UPD _b10 _c20130409 _lUCH01 _h2318 |
||
| 590 |
_aBATCH-UPD _b10 _c20130410 _lUCH01 _h1623 |
||
| 590 |
_aBATCH-UPD _b10 _c20130913 _lUCH01 _h1954 |
||
| 590 |
_aCONVERSION _b10 _c20130109 _lUCH01 _h1344 |
||
| 650 | 1 | 4 |
_aAforadores. _91033 |
| 650 | 1 | 4 |
_aCorrientes de agua _xMedición. _928261 |
| 650 | 1 | 4 |
_aHidráulica. _955219 |
| 650 | 1 | 4 |
_aVertedores. _9118966 |
| 700 | 0 |
_aGarcía Sánchez, Maximo. _946647 |
|
| 901 | _aBK | ||
| 905 | _aMayto Villalobos S. | ||
| 942 | _cFOLL | ||
| 949 |
_bBC _cTES _d33724000736047 _eTS2 _fc.2 _h34406 _i91117 _sb |
||
| 949 |
_bBC _cTES _d33724000752556 _eTS2 _fc.3 _h35729 _i91117 _sb |
||
| 949 |
_bBC _cTES _d91117 _eTS1 _h34405 _i91117 _sb |
||
| 999 |
_c79694 _d79694 |
||